My Favorite Star Wars Characters - Statistics

General Stats
  • This quiz has been taken 42 times
  • The average score is 7 of 10
Answer Stats
Picture Answer % Correct
Darth Vader
94%
General Grievous
94%
Bossk
81%
Plo Koon
81%
IG-88
77%
Kit Fisto
71%
K2-SO
65%
Wat Tambor
52%
Zuckuss
39%
Garindan
23%
No matching quizzes found
Score Distribution
Percent of People with Each Score
Percentile by Number Answered
Your Score History
You have not taken this quiz